مقومات الرقمنة في الدوريات الإلكترونية العربية في العلوم والتقنية / (رقم التسجيلة. 42382)
[ عرض عادي ]
| 000 -الفاتح | |
|---|---|
| حقل البيانات ثابتة الطول | 01352nam a22002897a 4500 |
| 003 - محدد رقم الضبط | |
| رقم الضبط | OSt |
| 005 - وقت وتاريخ اخر تعامل مع التسجيلة | |
| رقم الضبط | 20180430135740.0 |
| 008 - عناصر البيانات ثابتة الطول - معلومات عامة | |
| حقل البيانات ثابتة الطول | 170817s2017 ua jk g b 000 0 ara d |
| 020 ## - الرقم الدولى المعيارى للكتب | |
| الرقم الدولى المعيارى للكتاب | 9789773583552 |
| 040 ## - مصدر الفهرسة | |
| وكالة الفهرسة الأصلية | Ma-Un |
| لغة الفهرسة | ara |
| وكالة النسخ | Dar Arab |
| 082 04 - رقم تصنيف ديوى العشرى | |
| رقم الطبعة | 21 |
| رقم التصنيف | 070.5797091751 |
| رقم المادة | م س م |
| 100 1# - المدخل الرئيسى - إسم شخصى | |
| الإسم الشخصى | محمد، سمية سيد |
| 9 (RLIN) | 63571 |
| 245 10 - بيان العنوان | |
| العنوان | مقومات الرقمنة في الدوريات الإلكترونية العربية في العلوم والتقنية / |
| بيان المسئوليه,etc | تأليف سمية سيد محمد ؛ تقديم حشمت قاسم. |
| 250 ## - بيان الطبعة | |
| بيان الطبعة | ط. 1. |
| 260 ## - PUBLICATION, DISTRIBUTION, ETC. (IMPRINT) | |
| مكان الناشر او الموزع | القاهرة : |
| اسم الناشر او الموزع | دار الفجر للنشر والتوزيع، |
| تاريخ النشر أو التوزيع | 2017. |
| 300 ## - الوصف المادى | |
| التعداد | 381 ص. : |
| تفاصيل ماديه اخرى للوعاء | إيض. ؛ |
| أبعاد الوعاء | 24 سم. |
| 504 ## - تبصرة ببليوجرافية | |
| تبصرة ببليوجرافية,الخ | |
| 504 ## - تبصرة ببليوجرافية | |
| تبصرة ببليوجرافية,الخ | يشتمل علي إرجاعات ببليوجرافية.<br/> |
| 650 #4 - المدخل الاضافى بالموضوع-مصطلح موضوعى | |
| مصطلح موضوعي أو اسم جغرافي كعنصر مدخل | الدوريات الإلكترونية |
| التقسيم الفرعي الجغرافي | البلاد العربية |
| 9 (RLIN) | 63572 |
| 650 #4 - المدخل الاضافى بالموضوع-مصطلح موضوعى | |
| مصطلح موضوعي أو اسم جغرافي كعنصر مدخل | النشر الإلكتروني |
| التقسيم الفرعي الجغرافي | البلاد العربية |
| 9 (RLIN) | 63573 |
| 650 #4 - المدخل الاضافى بالموضوع-مصطلح موضوعى | |
| مصطلح موضوعي أو اسم جغرافي كعنصر مدخل | العلوم |
| التقسيم الفرعي الجغرافي | البلاد العربية |
| التقسيم الفرعي العام | دوريات |
| -- | معالجة بيانات |
| 9 (RLIN) | 63574 |
| 650 #4 - المدخل الاضافى بالموضوع-مصطلح موضوعى | |
| مصطلح موضوعي أو اسم جغرافي كعنصر مدخل | التكنولوجيا |
| التقسيم الفرعي الجغرافي | البلاد العربية |
| التقسيم الفرعي العام | دوريات |
| -- | معالجة بيانات |
| 9 (RLIN) | 63575 |
| 700 1# - المدخل الاضافى - اسم شخصى | |
| الإسم الشخصى | قاسم، حشمت |
| الدور | مقدم |
| 9 (RLIN) | 63195 |
| 942 ## - عناصر المدخل الإضافي( كوها) | |
| Koha [default] item type | كتاب |
| 949 ## - معلومات معالجة محلية(OCLC) | |
| a | ALGU |
| d | 15/05/2009 |
| i | DA8707-8 |
| n | 1 |
| u | system. |
| 949 ## - معلومات معالجة محلية(OCLC) | |
| a | ARUC |
| n | 1 |
| d | 2011/9/11 |
| u | training |
| حالة الفقد | نموذج السعر الفعال | حالة تلف | ليس للاعارة | رقم الطلب | رقم النسخة | تاريخ الاكتساب | الموقع الحالي | الباركود | الفرع الرئيسي | Date last seen | نوع المادة فى نظام كوها | مصدر التصنيف او خطة الترفيف | Total Checkouts |
|---|---|---|---|---|---|---|---|---|---|---|---|---|---|
| 2018-04-30 | Not For Loan | 070.5797091751 م س م | 1 | 2018-04-30 | المكتبة المركزية بالمجمعة (CL) | 00246786 | المكتبة المركزية بالمجمعة (CL) | 2018-04-30 | كتاب | Dewey Decimal Classification | |||
| 2018-04-30 | 070.5797091751 م س م | 2 | 2018-04-30 | المكتبة المركزية بالمجمعة (CL) | 00246787 | المكتبة المركزية بالمجمعة (CL) | 2018-04-30 | كتاب | Dewey Decimal Classification | ||||
| 2018-04-30 | 070.5797091751 م س م | 3 | 2018-04-30 | المكتبة المركزية بالمجمعة (CL) | 00246788 | المكتبة المركزية بالمجمعة (CL) | 2018-04-30 | كتاب | Dewey Decimal Classification | ||||
| 2018-04-30 | Not For Loan | 070.5797091751 م س م | 1 | 2018-04-30 | مكتبة كلية التربية بالزلفى - طالبات (EZF) | 00246791 | مكتبة كلية التربية بالزلفى - طالبات (EZF) | 2018-04-30 | كتاب | Dewey Decimal Classification | |||
| 2018-04-30 | 070.5797091751 م س م | 2 | 2018-04-30 | مكتبة كلية التربية بالزلفى - طالبات (EZF) | 00246792 | مكتبة كلية التربية بالزلفى - طالبات (EZF) | 2018-04-30 | كتاب | Dewey Decimal Classification | ||||
| 2018-04-30 | Not For Loan | 070.5797091751 م س م | 1 | 2018-04-30 | مكتبة مجمع الطالبات بالمجمعة (EMF) | 00246789 | مكتبة مجمع الطالبات بالمجمعة (EMF) | 2018-04-30 | كتاب | Dewey Decimal Classification | |||
| 2018-04-30 | 070.5797091751 م س م | 2 | 2018-04-30 | مكتبة مجمع الطالبات بالمجمعة (EMF) | 00246790 | مكتبة مجمع الطالبات بالمجمعة (EMF) | 2018-04-30 | كتاب | Dewey Decimal Classification | ||||
| 2018-04-30 | Not For Loan | 070.5797091751 م س م | 1 | 2018-04-30 | مكتبة مجمع الكليات بالزلفى - طلاب (SZM) | 00246552 | مكتبة مجمع الكليات بالزلفى - طلاب (SZM) | 2018-04-30 | كتاب | Dewey Decimal Classification | |||
| 2018-04-30 | 070.5797091751 م س م | 2 | 2018-04-30 | مكتبة مجمع الكليات بالزلفى - طلاب (SZM) | 00246553 | مكتبة مجمع الكليات بالزلفى - طلاب (SZM) | 2018-04-30 | كتاب | Dewey Decimal Classification |
